Biện pháp quản lý đội ngũ giáo viên chủ nhiệm lớp tại các trường trung học phổ thông huyện Thăng Bình tỉnh Quảng Nam
Cơ sở lý luận về QL đội ngũ GVCN lớp ở trường THPT. Thực trạng QL đội ngũ GVCN lớp tại các trường THPT huyện Thăng Bình, tỉnh Quảng Nam. Biện pháp QL đội ngũ GVCN lớp tại các trường THPT huyện Thăng Bình, tỉnh Quảng Nam
Đã lưu trong:
| Príomhúdar: | |
|---|---|
| Údair Eile: | |
| Formáid: | Leabhar |
| Teanga: | Vietnamese |
| Foilsithe: |
Đà Nẵng
Đại học Đà Nẵng
2014
|
| Ábhair: | |
| Clibeanna: |
Cuir Clib Leis
Gan Chlibeanna, Bí ar an gcéad duine leis an taifead seo a chlibeáil!
|
| Thư viện lưu trữ: | Mạng thư viện Đại học Đà Nẵng |
|---|
| LEADER | 01813nam a2200349 4500 | ||
|---|---|---|---|
| 001 | 000020069 | ||
| 003 | 16510 | ||
| 005 | 20150313090325.0 | ||
| 008 | 150107s2014 viesd | ||
| 041 | |a vie | ||
| 082 | 1 | 4 | |a 373.1202 |b TA-S |
| 100 | 1 | |a Tạ Duy Sơn | |
| 245 | 1 | |a Biện pháp quản lý đội ngũ giáo viên chủ nhiệm lớp tại các trường trung học phổ thông huyện Thăng Bình tỉnh Quảng Nam |c Tạ Duy Sơn ; Phùng Đình Mẫn hướng dẫn. |k Luận văn Thạc sĩ | |
| 260 | |a Đà Nẵng |b Đại học Đà Nẵng |c 2014 | ||
| 300 | |a 108 tr., phụ lục 3 tr. |c 29 cm. |e Tóm tắt | ||
| 500 | |a Luận văn thạc sĩ Khoa học. Chuyên ngành: Quản lý giáo dục. Mã số: 60.14.05 | ||
| 520 | 3 | |a Cơ sở lý luận về QL đội ngũ GVCN lớp ở trường THPT. Thực trạng QL đội ngũ GVCN lớp tại các trường THPT huyện Thăng Bình, tỉnh Quảng Nam. Biện pháp QL đội ngũ GVCN lớp tại các trường THPT huyện Thăng Bình, tỉnh Quảng Nam | |
| 650 | 0 | 4 | |a Quản lý giáo dục trung học |v Luận văn tốt nghiệp |x Giáo viên chủ nhiệm |z Quảng Nam |
| 653 | |a Giáo viên chủ nhiệm | ||
| 653 | |a Giáo dục trung học | ||
| 653 | |a Quản lý giáo dục | ||
| 700 | 1 | |a Phùng Đình Mẫn |c PGS.TS |e Hướng dẫn | |
| OWN | |a LSP | ||
| AVA | |a UDN50 |b LSP |d 373.1202 TA-S |e available |t Error 5001 Not defined in file expand_doc_bib_avail. |f 1 |g 0 |h N |i 0 |k 1 | ||
| 999 | |a From the UDN01 | ||
| AVA | |a UDN50 |b LSP |d 373.1202 TA-S |e available |t Error 5001 Not defined in file expand_doc_bib_avail. |f 1 |g 0 |h N |i 0 |k 1 | ||
| TYP | |a Monograph | ||
| TYP | |a Printed language | ||
| 980 | |a Mạng thư viện Đại học Đà Nẵng | ||